Normal view
MARC view
- MUDDASSAR HUSSAIN
Entry Personal Name
001 - CONTROL NUMBER
- control field: 70428
003 - CONTROL NUMBER IDENTIFIER
- control field: NUST
005 - DATE AND TIME OF LATEST TRANSACTION
- control field: 20210628204447.0
008 - FIXED-LENGTH DATA ELEMENTS
- fixed length control field: 210628|| aca||aabn | a|a d
040 ## - CATALOGING SOURCE
- Original cataloging agency: NUST
- Transcribing agency: NUST
100 ## - HEADING--PERSONAL NAME
- Personal name: MUDDASSAR HUSSAIN
670 ## - SOURCE DATA FOUND
- Source citation: Work cat.: (NUST): MUDDASSAR HUSSAIN , TH-SOF-1468-Detection of Motor Movement Intention From Movement Related Cortical Potential for Brain-Computer Interface Applications, 2018
